| 000 | 00518cab a2200169 4500 | ||
|---|---|---|---|
| 001 | ##L132182 | ||
| 008 | 060117n2005 000 0 eng u | ||
| 035 | _a(Sirsi) u132182 | ||
| 041 | 0 | _aeng | |
| 245 | 0 | 0 |
_aSpecial report _bauctions |
| 260 | _c2005 | ||
| 490 |
_aProperty Week _v71(2) 13 January 2006, 91-102(7) |
||
| 520 | _aConsiders the performance and structure of the auction market in 2005. | ||
| 590 | _aIKA170106 | ||
| 690 | _aPROPERTY-COMMERCIAL PROPERTY-AUCTIONEERING COMMERCIAL PROPERTY | ||
| 942 | _n0 | ||
| 999 |
_c76354 _d76354 |
||